01475nam a2200325 a 4500001001200000003000800012006001900020007001500039008004100054010001700095020001500112040002100127035002000148050002400168082001500192245030900207260005600516300001700572490002300589533015200612650004100764650004400805650003500849651003800884655002900922710001700951830003800968856012601006999001701132ebr10051682CaPaEBRm u cr cn|||||||||000310s1999 dcu s 000 0 eng  z 00501491  z0309067855 aCaPaEBRcCaPaEBR a(OCoLC)4495914414aQ127.U6bP47 1999eb04a509.7322104aThe pervasive role of science, technology, and health in foreign policyh[electronic resource] :bimperatives for the Department of State /cCommittee on Science, Technology, and Health Aspects of the Foreign Policy Agenda of the United States, Office of International Affairs, National Research Council. aWashington, D.C. :bNational Academy Press,cc1999. axiii, 111 p.1 aThe compass series aElectronic reproduction.bPalo Alto, Calif. :cebrary,d2013.nAvailable via World Wide Web.nAccess may be limited to ebrary affiliated libraries. 0aScience and international relations. 0aTechnology and international relations. 0aMedical policyzUnited States. 0aUnited StatesxForeign relations. 7aElectronic books.2local2 aebrary, Inc. 0aCompass series (Washington, D.C.)40uhttp://site.ebrary.com/lib/rucke/Doc?id=10051682zAn electronic book accessible through the World Wide Web; click to view c67122d67122